MARC

LEADER 00000nam0a2200000 4500
001 366520
005 20231102011905.0
035 |a (RuTPU)RU\TPU\retro\23883 
090 |a 366520 
100 |a 20220210d1979 km y0rusy50 ca 
101 0 |a rus  |a eng 
102 |a RU 
105 |a a z 001zy 
200 1 |a Геохимические методы поисков. Методы анализа  |f Академия наук СССР, Сибирское отделение, Институт геохимии им. А. П. Виноградова ; отв. ред. Л. В. Таусон 
210 |a Иркутск  |c Изд-во Ин-та геохимии СО АН СССР  |d 1979 
215 |a 174 с.  |c ил. 
320 |a Библиогр. в конце ст. 
606 1 |a Геохимическая разведка  |2 stltpush  |3 (RuTPU)RU\TPU\subj\6285  |9 34210 
610 1 |a поиски 
610 1 |a полезные ископаемые 
610 1 |a геохимические методы 
610 1 |a минералогия 
610 1 |a минералы 
610 1 |a анализ 
610 1 |a прогнозная оценка 
610 1 |a спектральные методы 
610 1 |a рентгеноспектральный метод 
610 1 |a испарение 
610 1 |a геологические пробы 
675 |a 550.84  |v 4 
702 1 |a Таусон  |b Л. В.  |4 340 
712 0 2 |a Академия наук СССР  |b Сибирское отделение  |b Институт геохимии им. А. П. Виноградова  |c (Иркутск)  |2 stltpush  |3 (RuTPU)RU\TPU\col\1687  |9 23589 
801 1 |a RU  |b 63413507  |c 20220210 
942 |c BK